Environmentálne manažérstvo ako faktor regionálneho rozvoja
Ak chce verejná správa a samospráva implementovať environmentálne manažérske systémy, je potrebná dôsledná informovanosť všetkých zainteresovaných strán ako sú občania regiónu a podnikateľské subjekty, ktoré sa nachádzajú na katastrálnom území dotknutého regiónu. V prípade rozvoja ekoturizmu ako for...
Gespeichert in:
| 1. Verfasser: | |
|---|---|
| Weitere Verfasser: | , , |
| Format: | Buchkapitel |
| Sprache: | Slowakisch |
| Schlagworte: | |
| Tags: |
Keine Tags, Fügen Sie das erste Tag hinzu!
|
MARC
| LEADER | 00000nla a2200000 4500 | ||
|---|---|---|---|
| 001 | 0211333 | ||
| 005 | 20240502073525.9 | ||
| 041 | 0 | |a slo | |
| 044 | |a SK | ||
| 245 | 1 | 0 | |a Environmentálne manažérstvo ako faktor regionálneho rozvoja |c Lenka Štofová, Lucia Bednárová, Monika Tomčíková, Jana Naščáková |
| 520 | |a Ak chce verejná správa a samospráva implementovať environmentálne manažérske systémy, je potrebná dôsledná informovanosť všetkých zainteresovaných strán ako sú občania regiónu a podnikateľské subjekty, ktoré sa nachádzajú na katastrálnom území dotknutého regiónu. V prípade rozvoja ekoturizmu ako formy cestovného ruchu je podstatné si uvedomiť, že udržateľný rozvoj má veľký vplyv na rozhodovanie potenciálnych klientov. | ||
| 610 | 2 | 0 | |a politika environmentálna |
| 610 | 2 | 0 | |a rozvoj regionálny |
| 610 | 2 | 0 | |a normy ISO |
| 610 | 2 | 0 | |a ochrana prostredia životného |
| 610 | 2 | 0 | |a systémy environmentálne manažérske |
| 100 | 1 | |a Štofová, Lenka, 1989- | |
| 700 | 1 | |a Bednárová, Lucia | |
| 700 | 1 | |a Tomčíková, Monika | |
| 700 | 1 | |a Naščáková, Jana | |